000 00677nam a2200265Ia 4500
005 20260121172616.0
008 008 260114s9999 xx 000 0 eng d
020 _a9789811611865
037 _aEBOOK
040 _aCRL
040 _beng
040 _cCRL
041 _2eng
041 _aeng
084 _qCRL
100 _aShelly Vadhera, Bhimrao S. Umre, Akhtar Kalam
_91090510
245 0 _aLatest Trends in Renewable Energy Technologies
260 _bSpringer
260 _bSpringer
260 _c2021
856 _uhttps://link.springer.com/openurl?genre=book&isbn=978-981-16-1186-5
942 _cEBOOK
999 _c1656250
_d1656250